000 00282nam a2200121Ia 4500
008 241002s9999 xx 000 0 und d
082 _a808.3 ELS
100 _aElsa, Kazi
245 0 _aOld English Garden Medicine
260 _aKarachi:
_c1952
600 _aLiterature
942 _cUC
999 _c18939
_d18939